Language Quiz

Random Language or Song Quiz

As I Was Going to St. Ives Quiz Stats

 Plays Quiz Updated Mar 19, 2020

Support Sporcle.
Go Orange.
Score 0/41 Timer 01:00
1 Play Today
% Correct
I
99%
I
99%
a
97.1%
to
96.6%
to
96.6%
going
96.5%
going
96.5%
was
96.4%
St.
96.3%
St.
96.3%
Ives
96.1%
Ives?
96.1%
As
95.7%
man
83.3%
met
81.6%
with
79.7%
wives.
77.9%
wives,
77.9%
seven
76.2%
seven
76.2%
seven
76.2%
% Correct
seven
76.2%
had
69.4%
had
69.4%
had
69.4%
Each
64%
each
64%
each
64%
wife
62.3%
cat
61.8%
how
54.7%
many
51.4%
cats,
50.8%
cats,
50.8%
were
50.3%
kits.
45.9%
Kits,
45.9%
sack
42.9%
and
42.3%
sacks,
38.2%
sacks
38.2%

From the Vault

NFL Passing TDs (2017)

by baros1

Sports 7m
Naming all the quarterbacks will get you started.
Remove Ads.
Support Sporcle.
Get the best of Sporcle when you Go Orange. This ad-free experience offers more features, more stats, and more fun while also helping to support Sporcle. Thank you for becoming a member.

Show Comments

Extras

Top Quizzes Today


Score Distribution

Your Account Isn't Verified!

In order to create a playlist on Sporcle, you need to verify the email address you used during registration. Go to your Sporcle Settings to finish the process.

Report this User

Report this user for behavior that violates our Community Guidelines.

Details: